000 00310nam a22001457a 4500
008 210428b ||||| |||| 00| 0 eng d
020 _a9780195208153
041 _aeng
080 _a53
082 _a53
100 _a43
101 _aFIZ
245 _aThe Great Scientists
_cJack Meadows
942 _2udc
_cBK
999 _c56916
_d56916